| 000 | 00477nam a22001817a 4500 | ||
|---|---|---|---|
| 003 | MPLRDC | ||
| 005 | 20220104195301.0 | ||
| 008 | 210129b ||||| |||| 00| 0 eng d | ||
| 020 | _a978-986-5722-20-3 | ||
| 082 | _a427.1 JWS | ||
| 100 | _a金外顺 | ||
| 245 |
_a地瓜上菜:50道超人气低卡无负担食谱 _c林建豪 译 |
||
| 250 | _a初版一刷 | ||
| 260 |
_a台湾 _b马可孛罗文化 _c2014 |
||
| 300 | _b平 | ||
| 650 | _a食谱 | ||
| 942 |
_cBK _o427.1 JWS |
||
| 999 |
_c66111 _d66101 |
||